| 000 | 00600nam a2200217Ia 4500 | ||
|---|---|---|---|
| 003 | GCL | ||
| 008 | 140319s9999 xx 000 0 eng d | ||
| 040 |
_aGCL / _cGCL |
||
| 082 | 0 | 4 |
_a74109 _bA A |
| 100 | 1 | _aBRONTE FAMILY_ EXILITION | |
| 245 | 1 | 0 |
_aTHE ART OF THE BRONTES / _cBRONTE FAMILY_ EXILITION |
| 700 | 1 | _aDRAUING & DRAURINGS | |
| 700 | 1 | _aALEXANDER, CHRISTINE | |
| 700 | 1 | _aSELLARS, JANE | |
| 260 |
_a[S.N] : _bCAMBRIBGE UNIVERSITY PRESS ، _c1995 |
||
| 650 | 0 | 4 | _aDRAWING |
| 650 | 0 | 4 | _aART |
| 650 | 0 | 4 | _aBRONTE FAMILY - EXHIBTIONS |
| 650 | 0 | 4 | _aDRAUING & DRAUINGS |
| 942 |
_2ddc _cBK |
||
| 999 |
_c12445 _d12445 |
||